000 00681nam a22002297a 4500
005 20170124110247.0
010 _a997807
020 _c00.00
035 _a997807
037 _bCen Lib/Ret
040 _aDPL
_bEN
082 _a954.7
_bPAK
110 _aPakistan Publications
_997764
245 _aPakistan :
_breturn from the precipice, 1977-1979 /
260 _aPakistan
_bPakistan Publications
270 _aPost Box No. 1102
_bIslamabad
300 _a212p.
_c21cm(Hb)
500 _aIncludes index
650 _aPakistan -- Politics and government -- 1971-1988.
_997765
650 _aPolitics and government
_997766
942 _2ddc
_cEN
_h954.7
_mPAK
999 _c135591
_d135591